000 00793nam a22002777a 4500
003 CHAP
005 20220329140236.0
008 971013s1968 r 00010 d
010 _a49113
011 _a50085
035 _a54235
040 _cCHAP
082 _a515.42
_bP3
100 0 0 _aPfanzagl, J.
_987727
245 _aTheory of measurement
260 _aNew York :
_bWiley,
_c1968
300 _a235 p.
590 _aBATCH-UPD
_b10
_c20130110
_lUCH01
_h0529
590 _aBATCH-UPD
_b10
_c20130410
_lUCH01
_h0209
590 _aBATCH-UPD
_b10
_c20130914
_lUCH01
_h1807
590 _aCONVERSION
_b10
_c20130109
_lUCH01
_h1327
650 1 4 _aMedición, teoría de la.
_973924
901 _aBK
942 _cLIBRO
949 _a515.42 P3
_bBC
_cLIBRO
_d33724000142741
_eLIBRO
_h1107
_i54235
_si
_t143.75
999 _c49113
_d49113